UM Logo

Food production, catering & F and B management / (Record no. 18634)

MARC details
000 -LEADER
fixed length control field 00627nam a22001817a 4500
008 - FIXED-LENGTH DATA ELEMENTS--GENERAL INFORMATION
fixed length control field 231219b ||||| |||| 00| 0 eng d
020 ## - INTERNATIONAL STANDARD BOOK NUMBER
International Standard Book Number 9781912859764
082 ## - DEWEY DECIMAL CLASSIFICATION NUMBER
Edition number 2023
Classification number DC 647.95058
Item number L32
100 ## - MAIN ENTRY--PERSONAL NAME
Personal name Lara, Naomi.
9 (RLIN) 50528
245 ## - TITLE STATEMENT
Title Food production, catering & F and B management /
Statement of responsibility, etc. Naomi Lara.
250 ## - EDITION STATEMENT
Edition statement First edition.
260 ## - PUBLICATION, DISTRIBUTION, ETC. (IMPRINT)
Place of publication, distribution, etc. London :
Name of publisher, distributor, etc. Vintage press LTD,
Date of publication, distribution, etc. ©2023.
300 ## - PHYSICAL DESCRIPTION
Extent x, 316 pages :
Other physical details color illustrations ;
Dimensions 24 pages.
500 ## - GENERAL NOTE
General note Includes references, bibliography, and index.
650 ## - SUBJECT ADDED ENTRY--TOPICAL TERM
Topical term or geographic name as entry element Food service
General subdivision Management.
9 (RLIN) 50562
650 ## - SUBJECT ADDED ENTRY--TOPICAL TERM
Topical term or geographic name as entry element Hospitality Management.
9 (RLIN) 48214
942 ## - ADDED ENTRY ELEMENTS (KOHA)
Source of classification or shelving scheme Dewey Decimal Classification
Koha item type Circulation
Holdings
Withdrawn status Lost status Source of classification or shelving scheme Damaged status Not for loan Collection code Home library Current library Date acquired Source of acquisition Cost, normal purchase price Total Checkouts Full call number Barcode Date last seen Price effective from Koha item type
    Dewey Decimal Classification     Circulation UM Digos College - LIC UM Digos College - LIC 08/08/2023 Purchased 7950.00   DC 647.95058 L32 2023 27665 05/15/2025 12/19/2023 Circulation